Normal view
MARC view
- Milo, Mary,
Entry Personal Name
001 - CONTROL NUMBER
- control field: 5807
003 - CONTROL NUMBER IDENTIFIER
- control field: OSt
005 - DATE AND TIME OF LATEST TRANSACTION
- control field: 20170517161723.0
008 - FIXED-LENGTH DATA ELEMENTS
- fixed length control field: 170517|| aca||aabn | a|a d
040 ## - CATALOGING SOURCE
- Original cataloging agency: OSt
- Transcribing agency: OSt
100 ## - HEADING--PERSONAL NAME
- Personal name: Milo, Mary,
- Dates associated with a name: 1915-
670 ## - SOURCE DATA FOUND
- Source citation: Work cat.: (OSt)0: Shen, Peter 5804, Peter Shen's Make-up for success :, 1991

PORTAL AKMAL
E-MEL JKDM
AKMAL2U
G-BAM
u-PUSTAKA